banner-ar

وسائل الرقابة البرلمانية على اعمال الحكومة فى النظام البرلمانى / (Record no. 60392)

MARC details
000 -الفاتح
حقل البيانات ثابتة الطول 01067nam a22002537a 4500
005 - وقت وتاريخ اخر تعامل مع التسجيلة
رقم الضبط 20240530110408.0
008 - عناصر البيانات ثابتة الطول - معلومات عامة
حقل البيانات ثابتة الطول 150205s2011 ua g b 000 0 ara d
017 ## - رقم الايداع القانونى
رقم الايداع القانونى 2010/13959
المصدر ( الهيئة المختصة) مصر . دار الكتب المصرية
020 ## - الرقم الدولى المعيارى للكتب
الرقم الدولى المعيارى للكتاب 9776364218
040 ## - مصدر الفهرسة
وكالة الفهرسة الأصلية EG-CaGPL
041 0# - رمز اللغة
رمز لغة النص/ المسارات الصوتية أو العنوان الانفرادي ara
082 04 - رقم تصنيف ديوى العشرى
رقم الطبعة 21
رقم التصنيف 328.3456\
رقم المادة م و
100 0# - المدخل الرئيسى - إسم شخصى
الإسم الشخصى مدحت احمد يوسف غنايم
245 10 - بيان العنوان
العنوان وسائل الرقابة البرلمانية على اعمال الحكومة فى النظام البرلمانى /
بيان المسئوليه,etc مدحت احمد يوسف غنايم
260 ## - PUBLICATION, DISTRIBUTION, ETC. (IMPRINT)
تاريخ النشر أو التوزيع 2011
300 ## - الوصف المادى
التعداد 506 ص ؛
أبعاد الوعاء 24 سم
504 ## - تبصرة ببليوجرافية
تبصرة ببليوجرافية,الخ ببليوجرافية : ص 494 - 499
650 04 - المدخل الاضافى بالموضوع-مصطلح موضوعى
مصطلح موضوعي الرقابة البرلمانية
650 04 - المدخل الاضافى بالموضوع-مصطلح موضوعى
مصطلح موضوعي القانون الدستورى
650 04 - المدخل الاضافى بالموضوع-مصطلح موضوعى
مصطلح موضوعي مصر
التقسيم الفرعي العام مجلس الشورى
650 04 - المدخل الاضافى بالموضوع-مصطلح موضوعى
مصطلح موضوعي مصر
التقسيم الفرعي العام الدستور
-- تاريخ
التقسيم الفرعي الزمني العصر الحديث
-- الخديوى توفيق
942 ## - عناصر المدخل الإضافي( كوها)
مصدر التصنيف او مخطط الترفيف Dewey Decimal Classification
Koha [default] item type كتاب
260 ## - PUBLICATION, DISTRIBUTION, ETC. (IMPRINT)
-- القاهرة :
-- المركز القومى للاصدارات القانونية ،
Holdings
حالة التراجع حالة الفقد حالة تلف ليس للاعارة المكان المؤقت الموقع الحالى تاريخ الاكتساب اجمالي اﻻعارات رقم الطلب الباركود تاريخ اخر مشاهدة تاريخ تفعيل السعر نوع وعاء كوها
        مكتبة القاهرة الكبرى مكتبة القاهرة الكبرى 02/05/2015   328.3456\ م و 159428 02/05/2015 02/05/2015 كتاب

Powered By

EGPV